01002nam a2200265 u 450000100070000000500170000700800410002403500110006504000130007604100080008908200080009710000400010524500960014526000430024130000220028465000260030665000540033265000300038665000270041665000260044365000300046965000260049970000460052550001650057171543020260506092912.0020122s2001 ||||||m| spa  a715430 ccomduadb aspa 4a62810aPabon Palacio, Olga Lucia4auteaut10aPropuesta de soluciones de ingenieria a los problemas ambientales en la hacienda La Montana aMedellín :b[sin publicador],c2001. a64h. : il, planos aProblemas ambientales aHacienda la Montaña (San Pedro de los Milagros) 7aGestión ambiental2lemb 7aCalidad del agua2lemb aSaneamiento ambiental aPotabilización del agua 7aAguas residuales2dcs10aPeñuela Mesa, Gustavo Antonio4drtedrt aTesis (Ingeniero Sanitario y Ambiental) Universidad de Antioquia. Facultad de Ingeniería. Departamento de Ingeniería Sanitaria - Título del grado otorgado